Cinematographers' Party Quiz Stats

Quiz not verified by Sporcle

Also try: Mean Girls Quotes
Challenge
Share
Tweet
Embed
Score 0/20 Timer 10:00
0 Plays Today
Movie #1 Answer % Correct
O Brother, Where Art Thou?Roger Deakins
86.6%
Saving Private RyanJanusz Kamiński
79.3%
American BeautyConrad Hall
75.6%
The GodfatherGordon Willis
75.6%
Inglourious BasterdsRobert Richardson
72%
The Dark NightWally Pfister
72%
Citizen KaneGregg Toland
64.6%
BraveheartJohn Toll
61%
Apocalypse NowVittorio Storaro
61%
In the Mood For LoveChristopher Doyle
57.3%
Movie #1 Answer % Correct
HudJames Wong Howe
54.9%
Through a Glass DarklySven Nykvist
54.9%
DeliveranceVilmos Zsigmond
52.4%
Harry Potter and the Sorceror's StoneJohn Seale
52.4%
CollateralDion Beebe
43.9%
TrafficPeter Andrews
43.9%
The MatrixBill Pope
43.9%
One Flew Over the Cuckoos NestHaskell Wexler
41.5%
Pearl HarborJohn Schwartzman
23.2%
Some Like it HotCharles Lang
17.1%

You're not logged in!

Compare scores with friends on all Sporcle quizzes.
Join for Free
OR
Log In

You Might Also Like...

Show Comments

Extras

Top Quizzes Today


Score Distribution

Your Account Isn't Verified!

In order to create a playlist on Sporcle, you need to verify the email address you used during registration. Go to your Sporcle Settings to finish the process.

Report this User

Report this user for behavior that violates our Community Guidelines.

Details: